000 00525nam a2200181Ia 4500
005 20250508152854.0
008 008 250505s9999 xx 000 0 eng d
037 _aTextual
040 _aFEDL
_beng
_cFEDL
041 _aeng
_2eng
084 _aB, BOS
_qFEDL
245 0 _aCross roads Being the works of Subhas Chandra Bose, 1938-1940
245 0 _cNetaji Research Bureau
260 _aBombay, India
_bAsia Publishing House
_c1962
300 _axi,367p
942 _cTEXL
_hB, BOS
999 _c1339322
_d1339322